[Event "IECG CN.2000.0.00192"]
[Site "IECG email"]
[Date "2000.04.24"]
[Round "?"]
[White "Hennings, Wolfgang"]
[Black "Kosugi, Yuji"]
[Result "1-0"]
[WhiteElo "933"]
[BlackElo "800"]
[PlyCount "39"]
[EventDate "2000.04.24"]
[EventType "tourn (corr)"]
[EventRounds "6"]
[SourceTitle "Corr 2008"]
[Source "ChessBase"]
[SourceDate "2008.06.24"]
[SourceVersion "1"]
[SourceVersionDate "2008.06.24"]
[SourceQuality "1"]

1. e4 d6 2. Nc3 Nf6 3. d4 g6 4. Nf3 Bg7 5. Be3 0-0 6. Qd2 Nbd7 7. h3 e5 8. 0-0-0 exd4 9. Nxd4 Re8 10. f3 Nb6 11. g4 d5 12. Bh6 Bxh6 13. Qxh6 Be6 14. e5 Nfd7 15. f4 c5 16. Nxe6 Rxe6 17. Nxd5 Nxd5 18. Rxd5 Qc7 19. h4 Qa5 20. Rxd7 1-0

[Event "IECG CN.2000.0.00192"]
[Site "IECG email"]
[Date "2000.04.24"]
[Round "?"]
[White "Kosugi, Yuji"]
[Black "Schulz, Jens Uwe"]
[Result "0-1"]
[WhiteElo "800"]
[BlackElo "800"]
[PlyCount "59"]
[EventDate "2000.04.24"]
[EventType "tourn (corr)"]
[EventRounds "6"]
[SourceTitle "Corr 2008"]
[Source "ChessBase"]
[SourceDate "2008.06.24"]
[SourceVersion "1"]
[SourceVersionDate "2008.06.24"]
[SourceQuality "1"]

1. Nf3 c5 2. g3 Nc6 3. Bg2 g6 4. 0-0 Bg7 5. d3 e6 6. e4 Nge7 7. Bd2 Bxb2 8. Nc3 Bxa1 9. Qxa1 Nd4 10. Nxd4 cxd4 11. Ne2 e5 12. f4 d6 13. fxe5 dxe5 14. Rd1 Bg4 15. Bf1 0-0 16. Bh6 Re8 17. c3 Nc6 18. cxd4 Nxd4 19. Kf2 Qf6+ 20. Ke1 Nc2+ 21. Kd2 Nxa1 22. Rxa1 g5 23. Rb1 b6 24. Rc1 Qxh6 25. a3 Bxe2 26. Bxe2 g4+ 27. Ke1 Qxc1+ 28. Kf2 Rac8 29. Bxg4 Rc2+ 30. Kf3 0-1